Harry Potter - Character Initials - Statistics

General Stats
  • This quiz has been taken 1,275 times
  • The average score is 56 of 156
Answer Stats
Hint Answer % Correct
HP Harry Potter
83%
RW Ron Weasley
76%
SB Sirius Black
73%
FW Fred Weasley
72%
GW George Weasley
72%
GW Ginny Weasley
72%
LL Luna Lovegood
70%
MW Molly Weasley
70%
BW Bill Weasley
69%
CW Charlie Weasley
69%
HG Hermione Granger
69%
AW Arthur Weasley
68%
PW Percy Weasley
68%
AD Albus Dumbledore
67%
DM Draco Malfoy
67%
HA Hannah Abbott
64%
JP James Potter
64%
SS Severus Snape
64%
LP Lily Potter
63%
LM Lucius Malfoy
63%
RL Remus Lupin
63%
NL Neville Longbottom
61%
NM Narcissa Malfoy
59%
MM Minerva McGonagall
58%
BC, Jr Barty Crouch Jr
57%
BL Bellatrix Lestrange
57%
CD Cedric Diggory
56%
VK Viktor Krum
56%
XL Xenophilius Lovegood
56%
BC, Sr Barty Crouch Sr
55%
BB Bathilda Bagshot
54%
GG, Gregory Goyle
52%
VC Vincent Crabbe
52%
BZ Blaise Zabini
51%
RH Rubeus Hagrid
51%
CC Cho Chang
50%
DD Dudley Dursley
50%
AD Aberforth Dumbledore
49%
FD Fleur Delacour
49%
NT Nymphadora Tonks
49%
AD Ariana Dumbledore
48%
PD Petunia Dursley
48%
VD Vernon Dursley
48%
DT Dean Thomas
47%
OW Oliver Wood
46%
FF Filius Flitwick
45%
GL Gilderoy Lockhart
45%
KB Katie Bell
45%
SF Seamus Finnigan
45%
AD Amos Diggory
43%
IK Igor Karkaroff
43%
PP Peter Pettigrew
43%
AM Alastor Moody
42%
PP Padma Patil
42%
PP Pansy Parkinson
42%
RAB Regulus Arcturus Black
42%
AL Alice Longbottom
41%
GG Godric Gryffindor
41%
HH Helga Hufflepuff
41%
PP Parvati Patil
41%
FL Frank Longbottom
40%
RR Rowena Ravenclaw
40%
SS Salazar Slytherin
40%
Y Yaxley
39%
AJ Angelina Johnson
38%
CC Colin Creevey
38%
QQ Quirinus Quirrell
38%
TT Ted Tonks
38%
CF Cornelius Fudge
37%
MD Marge Dursley
37%
TMR Tom Marvolo Riddle
37%
AF Argus Filch
36%
GG, Sr Gregory Goyle Sr
36%
HS Horace Slughorn
36%
MG Marvolo Gaunt
36%
PS Pomona Sprout
36%
TL Teddy Lupin
36%
TR, Sr Tom Riddle Sr
36%
AT Andromeda Tonks
35%
GD Gabrielle Delacour
35%
KD Kendra Dumbledore
35%
LB Ludo Bagman
35%
PP Poppy Pomfrey
35%
SB Susan Bones
35%
MG Merope Gaunt
34%
VC, Sr Vincent Crabbe Sr
34%
LJ Lee Jordan
33%
KS Kingsley Shacklebolt
32%
AL Augusta Longbottom
31%
OM Olympe Maxime
31%
RL Rodolphus Lestrange
31%
ZS Zacharias Smith
31%
HR Helena Ravenclaw
30%
PD Percival Dumbledore
30%
AC Alecto Carrow
29%
AC Amycus Carrow
29%
JFF Justin Finch Fletchley
29%
MG Morfin Gaunt
29%
RV Romilda Vane
29%
AS Alicia Spinnet
28%
DD Dedalus Diggle
28%
EM Ernie Macmillan
27%
MF Mundungus Fletcher
27%
RS Rita Skeeter
27%
AF Arabella Figg
26%
ED Elphias Doge
25%
GO Garrick Ollivander
25%
GG Gellert Grindelwald
25%
MB Millicent Bulstrode
25%
CM Cormac McLaggen
24%
RS Rufus Scrimgeour
24%
TB Terry Boot
24%
RL Rabastan Lestrange
23%
DJU Dolores Jane Umbridge
22%
IP Ignotus Peverell
22%
CB Charity Burbage
21%
ME Marietta Edgecombe
21%
PC Penelope Clearwater
21%
RH Rolanda Hooch
21%
TN Theodore Nott
21%
LV Lord Voldemort
20%
HS Hepzibah Smith
19%
AD Antonin Dolohov
18%
CP Cadmus Peverell
18%
MC Michael Corner
18%
SS Stan Shunpike
18%
AP Antioch Peverell
17%
CB Cuthbert Binns
17%
PT Pius Thicknesse
17%
DC Denis Creevey
16%
FB Frank Bryce
16%
WGP Wilhelmina Grubbly Plank
16%
BO Bob Ogden
15%
IP Irma Pince
15%
MC Mary Cattermole
15%
RC Reginald Cattermole
15%
NF Nicolas Flamel
14%
AG Anthony Goldstein
13%
TR Thomas Riddle
13%
LB Lavendar Brown
12%
AR Augustus Rookwood
11%
DC Dirk Cresswell
10%
NS Newt Scamander
10%
SP Sturgis Podmore
9%
BB Bathsheba Babbling
8%
MR Mary Riddle
8%
FG Fenir Greyback
5%
S Scabior
5%
SPT Sybill Patricia Trelawney
5%
DD Dilys Derwent
4%
E Everard
4%
MM Madame Malkin
4%
AB Ameilia Bones
3%
TO Tiberius Ogden
3%
SV Septima Victor
2%
GG Gladis Gudgeon
1%
No matching quizzes found
Score Distribution
Percent of People with Each Score
Percentile by Number Answered
Your Score History
You have not taken this quiz